Tableau perpétuel des médailles olympiques - Sports nautiques - Statistiques

Statistiques générales
  • Ce quiz a été pris 154 fois
  • Le résultat moyen est 16 sur 20
Statistiques - réponses
Pays O A B Total % Correct
États-Unis 59 60 49 168
99%
France 33 38 52 123
99%
Allemagne 69 50 49 168
96%
Grande Bretagne 66 54 32 152
91%
Italie 21 24 28 73
91%
Canada 14 31 33 78
89%
Espagne 18 16 8 42
88%
Australie 31 31 39 101
86%
URSS 45 38 22 105
86%
Suède 25 27 17 69
85%
Brésil 10 5 9 24
82%
Norvège 26 22 16 64
81%
Finlande 10 5 13 28
78%
Pays-Bas 16 26 28 70
76%
Nouvelle-Zélande 33 16 18 67
73%
Allemagne de l'Est 49 16 19 84
66%
Tchécoslovaquie 9 6 8 23
60%
Danemark 23 20 29 72
58%
Hongrie 28 33 30 91
57%
Roumanie 30 22 23 75
51%
Aucun quiz correspondant
Distribution des résultats
% des personnes avec chaque résultat
Percentile par nombre de réponses
Votre historique - résultats
Vous n’avez pas pris ce quiz